000 00871nam a2200301 a 4500
003 AR-BaBNM
005 20251128205709.0
008 082120s2002 ||||||||||||||000 | spa||
020 _a950-751-173-3
040 _cAR-BaBNM
100 1 _aVoloshínov, V.N.
245 0 0 _a¿Qué es el lenguaje? ;
_bLa construcción de la enunciación ; Más allá de lo social : un ensayo sobre la teoría freudiana
260 _aBuenos Aires
_bAlmagesto
_c1998
300 _a126 p.
_bil.
490 0 _aInéditos
650 4 _aTEORIA LITERARIA
650 4 _aCRITICA LITERARIA
650 4 _aLINGÜISTICA
650 4 _aPSICOANALISIS
650 4 _aSEMIOLOGIA
653 _aANALISIS DEL DISCURSO
655 _aLITERATURA
700 1 _aBajtín, Mijaíl
700 1 _aBlanck, Guillermo
_eeditor
700 1 _aVenticinque, Nilda
_etraductor
942 _cBK
998 _cMARTIN
999 _c12444
_d12444